<?xml version="1.0" encoding="UTF-8"?><marc:collection xmlns:marc="http://www.loc.gov/MARC21/slim">
  <marc:record>
    <marc:leader>00000nam##2200000za#4500</marc:leader>
    <marc:controlfield tag="001">9.625136</marc:controlfield>
    <marc:controlfield tag="003">CaOODSP</marc:controlfield>
    <marc:controlfield tag="005">20200706134918</marc:controlfield>
    <marc:controlfield tag="007">ta</marc:controlfield>
    <marc:controlfield tag="008">150406|2000||||xxc|||||     f|0| 0 fre|d</marc:controlfield>
    <marc:datafield tag="020" ind1=" " ind2=" ">
      <marc:subfield code="a">0-660-96245-4</marc:subfield>
    </marc:datafield>
    <marc:datafield tag="022" ind1=" " ind2=" ">
      <marc:subfield code="a">1200-5231</marc:subfield>
    </marc:datafield>
    <marc:datafield tag="040" ind1=" " ind2=" ">
      <marc:subfield code="a">CaOODSP</marc:subfield>
      <marc:subfield code="b">fre</marc:subfield>
    </marc:datafield>
    <marc:datafield tag="043" ind1=" " ind2=" ">
      <marc:subfield code="a">n-cn---</marc:subfield>
    </marc:datafield>
    <marc:datafield tag="086" ind1="1" ind2=" ">
      <marc:subfield code="a">CS11-0019/142F</marc:subfield>
    </marc:datafield>
    <marc:datafield tag="245" ind1="0" ind2="0">
      <marc:subfield code="a">Qui sont les migrants? Analyse de la migration interprovinciale au Canada fondée sur un modèle logit par panel / </marc:subfield>
      <marc:subfield code="c">par Ross Finnie. </marc:subfield>
    </marc:datafield>
    <marc:datafield tag="260" ind1=" " ind2=" ">
      <marc:subfield code="a">Ottawa - Ontario : </marc:subfield>
      <marc:subfield code="b">Statistique Canada. </marc:subfield>
      <marc:subfield code="c">2000.</marc:subfield>
    </marc:datafield>
    <marc:datafield tag="300" ind1=" " ind2=" ">
      <marc:subfield code="a">30p. : </marc:subfield>
      <marc:subfield code="b">références, tableaux ; </marc:subfield>
      <marc:subfield code="c">28 cm.</marc:subfield>
    </marc:datafield>
    <marc:datafield tag="490" ind1="1" ind2=" ">
      <marc:subfield code="a">Documents de recherche</marc:subfield>
      <marc:subfield code="x">1200-5231</marc:subfield>
      <marc:subfield code="v">142</marc:subfield>
    </marc:datafield>
    <marc:datafield tag="500" ind1=" " ind2=" ">
      <marc:subfield code="a">«Des modèles logits par panel de la probabilité de migrer d'une année à l'autre sont estimés au moyen d'échantillons tirés de la Banque de données administratives longitudinales, couvrant la période 1982-1995. Parmi les variables explicatives, notons les facteurs «environmentaux», les caractéristiques personnelles, les attributs du marché du travail et une série de variables relatives à l'année. Des modèles distincts ont été estimés pour huit groupes d'âge-sexe.»--Résumé.</marc:subfield>
    </marc:datafield>
    <marc:datafield tag="520" ind1="3" ind2=" ">
      <marc:subfield code="a">Des modèles logits par panel de la probabilité de migrer d'une année à l'autre sont estimés au moyen d'échantillons tirés de la Banque de données administratives longitudinales, couvrant la période 1982-1995. Parmi les variables explicatives, notons les facteurs environmentaux, les caractéristiques personnelles, les attributs du marché du travail et une série de variables relatives à l'année. Des modèles distincts ont été estimés pour huit groupes d'âge-sexe.--Résumé</marc:subfield>
    </marc:datafield>
    <marc:datafield tag="563" ind1=" " ind2=" ">
      <marc:subfield code="a">Reliure à anneaux</marc:subfield>
    </marc:datafield>
    <marc:datafield tag="590" ind1=" " ind2=" ">
      <marc:subfield code="a">00-37</marc:subfield>
      <marc:subfield code="b">2000-09-15</marc:subfield>
    </marc:datafield>
    <marc:datafield tag="710" ind1="2" ind2=" ">
      <marc:subfield code="a">Statistique Canada. </marc:subfield>
      <marc:subfield code="b">Direction des études analytiques.</marc:subfield>
    </marc:datafield>
    <marc:datafield tag="720" ind1="1" ind2=" ">
      <marc:subfield code="a">Finnie, Ross</marc:subfield>
    </marc:datafield>
    <marc:datafield tag="775" ind1="0" ind2="8">
      <marc:subfield code="t">Who moves? A panel logit model analysis of inter-provincial migration in Canada / </marc:subfield>
      <marc:subfield code="w">(CaOODSP)9.614962</marc:subfield>
    </marc:datafield>
    <marc:datafield tag="776" ind1="0" ind2="#">
      <marc:subfield code="t">Qui sont les migrants? Analyse de la migration interprovinciale au Canada fondée sur un modèle logit par panel / </marc:subfield>
      <marc:subfield code="w">(CaOODSP)9.604393</marc:subfield>
    </marc:datafield>
    <marc:datafield tag="830" ind1="#" ind2="0">
      <marc:subfield code="a">Documents de recherche,</marc:subfield>
      <marc:subfield code="x">1200-5231</marc:subfield>
      <marc:subfield code="v">142</marc:subfield>
      <marc:subfield code="w">(CaOODSP)9.512877</marc:subfield>
    </marc:datafield>
  </marc:record>
</marc:collection>
